Detalles MARC
| 000 -LEADER |
| campo de control de longitud fija |
04330cam a22006734i 4500 |
| 001 - NÚMERO DE CONTROL |
| campo de control |
u162974 |
| 003 - IDENTIFICADOR DE NÚMERO DE CONTROL |
| campo de control |
PE-LiUPU |
| 005 - FECHA Y HORA DE LA ÚLTIMA TRANSACCIÓN |
| campo de control |
20250731172854.0 |
| 008 - DATOS DE LONGITUD FIJA--INFORMACIÓN GENERAL |
| campo de control de longitud fija |
150127s2015 miu b 001 0 eng |
| 020 ## - NÚMERO INTERNACIONAL ESTÁNDAR DEL LIBRO |
| Número Internacional Estándar del Libro |
1940980097 |
| 020 ## - NÚMERO INTERNACIONAL ESTÁNDAR DEL LIBRO |
| Número Internacional Estándar del Libro |
9781940980096 |
| 035 ## - NÚMERO DE CONTROL DEL SISTEMA |
| Número de control de sistema |
(Sirsi) i9781940980096 |
| 040 ## - FUENTE DE CATALOGACIÓN |
| Centro catalogador/agencia de origen |
DLC |
| Lengua de catalogación |
eng |
| Normas de descripción |
rda |
| Centro/agencia transcriptor |
DLC |
| Centro/agencia modificador |
OCLCF |
| -- |
KAT |
| -- |
IGR |
| -- |
LMR |
| -- |
BSC |
| -- |
LNT |
| -- |
CDX |
| -- |
ZID |
| -- |
ZCU |
| -- |
YDXCP |
| -- |
RCT |
| -- |
NKM |
| -- |
OCLCO |
| -- |
GGB |
| -- |
OCLCQ |
| -- |
GUA |
| -- |
YUS |
| -- |
PE-LiUPU |
| 049 ## - FONDOS LOCALES (OCLC) |
| Biblioteca depositaria |
PRUA |
| 050 00 - SIGNATURA TOPOGRÁFICA DE LA BIBLIOTECA DEL CONGRESO |
| Número de clasificación |
BS651 |
| Número de ítem |
.G45 2015 |
| 082 00 - NÚMERO DE LA CLASIFICACIÓN DECIMAL DEWEY |
| Número de clasificación |
222.1106 |
| Cutter |
G3 |
| Número de edición |
23 |
| 082 04 - NÚMERO DE LA CLASIFICACIÓN DECIMAL DEWEY |
| Número de clasificación |
222.1106 |
| Cutter |
K62 2015 |
| 100 1# - ENTRADA PRINCIPAL--NOMBRE DE PERSONA |
| Nombre de persona |
Klingbeil, Gerald A. |
| Término indicativo de función/relación |
autor. |
| 245 04 - MENCIÓN DEL TÍTULO |
| Título |
The Genesis creation account and its reverberations in the Old Testament / |
| Mención de responsabilidad, etc. |
edited by Gerald A. Klingbeil. |
| 264 #1 - PRODUCCIÓN, PUBLICACIÓN, DISTRIBUCIÓN, FABRICACIÓN Y COPYRIGHT |
| Producción, publicación, distribución, fabricación y copyright |
Berrien Springs, Michigan : |
| Nombre del de productor, editor, distribuidor, fabricante |
Andrews University Press, |
| Fecha de producción, publicación, distribución, fabricación o copyright |
[2015] |
| 300 ## - DESCRIPCIÓN FÍSICA |
| Extensión |
xii, 395 pages ; |
| Dimensiones |
23 centimeters. |
| 336 ## - TIPO DE CONTENIDO |
| Término de tipo de contenido |
text |
| Fuente |
rdacontent |
| 337 ## - TIPO DE MEDIO |
| Nombre/término del tipo de medio |
unmediated |
| Fuente |
rdamedia |
| 338 ## - TIPO DE SOPORTE |
| Nombre/término del tipo de soporte |
volume |
| Fuente |
rdacarrier |
| 490 1# - MENCIÓN DE SERIE |
| Mención de serie |
"Creation in the Bible" series |
| 504 ## - NOTA DE BIBLIOGRAFÍA, ETC. |
| Nota de bibliografía, etc. |
Indexes : pages 375-395. |
| 505 0# - NOTA DE CONTENIDO CON FORMATO |
| Nota de contenido con formato |
Introduction / Gerald A. Klingbeil -- The unique cosmology of Genesis 1 against ancient Near Eastern and Egyptian parallels / Gerhard F. Hasel and Michael G. Hasel -- The myth of the solid heavenly dome : another look at the Hebrew [raqia] / Randall W. Younker and Richard M. Davidson -- The Genesis account of origins / Richard M. Davidson -- Creation revisited : echoes of Genesis 1 and 2 in the Pentateuch / Paul Gregor -- The creation theme in Psalm 104 / Richard M. Davidson -- The creation theme in selected Psalms / Alexej Muráň -- Genesis and creation in the Wisdom literature / Ángel M. Rodríguez -- Creation in the prophetic literature of the Old Testament : an intertextual approach / Martin G. Klingbeil -- Biblical creationism and ancient Near Eastern evolutionary ideas / Ángel M. Rodríguez -- "When death was not yet" : the testimony of biblical creation / Jacques B. Doukhan. |
| 526 ## - NOTA DE INFORMACIÓN SOBRE EL PROGRAMA DE ESTUDIO |
| Nombre del programa |
Segunda Especialidad En Profecías Bíblicas |
| 526 ## - NOTA DE INFORMACIÓN SOBRE EL PROGRAMA DE ESTUDIO |
| Nombre del programa |
Segunda Especialidad En Nuevo Testamento |
| 526 ## - NOTA DE INFORMACIÓN SOBRE EL PROGRAMA DE ESTUDIO |
| Nombre del programa |
Segunda Especialidad En Antiguo Testamento |
| 526 ## - NOTA DE INFORMACIÓN SOBRE EL PROGRAMA DE ESTUDIO |
| Nombre del programa |
Segunda Especialidad En Estudios Adventistas |
| 526 ## - NOTA DE INFORMACIÓN SOBRE EL PROGRAMA DE ESTUDIO |
| Nombre del programa |
Doctorado en teología |
| 526 ## - NOTA DE INFORMACIÓN SOBRE EL PROGRAMA DE ESTUDIO |
| Nombre del programa |
Maestría en teología histórica |
| 526 ## - NOTA DE INFORMACIÓN SOBRE EL PROGRAMA DE ESTUDIO |
| Nombre del programa |
Maestría en teología bíblica |
| 526 ## - NOTA DE INFORMACIÓN SOBRE EL PROGRAMA DE ESTUDIO |
| Nombre del programa |
Maestría en teología |
| 526 ## - NOTA DE INFORMACIÓN SOBRE EL PROGRAMA DE ESTUDIO |
| Nombre del programa |
Maestría en misionología |
| 526 ## - NOTA DE INFORMACIÓN SOBRE EL PROGRAMA DE ESTUDIO |
| Nombre del programa |
Maestría en liderazgo eclesiástico |
| 526 ## - NOTA DE INFORMACIÓN SOBRE EL PROGRAMA DE ESTUDIO |
| Nombre del programa |
Teología |
| 596 ## - |
| -- |
1 2 4 |
| 650 00 - PUNTO DE ACCESO ADICIONAL DE MATERIA--TÉRMINO DE MATERIA |
| Término de materia o nombre geográfico como elemento de entrada |
Cosmología bíblica. |
| 650 #0 - PUNTO DE ACCESO ADICIONAL DE MATERIA--TÉRMINO DE MATERIA |
| Término de materia o nombre geográfico como elemento de entrada |
Biblia. |
| -- |
A.T. |
| -- |
Génesis |
| Subdivisión general |
Influencia |
| 650 #0 - PUNTO DE ACCESO ADICIONAL DE MATERIA--TÉRMINO DE MATERIA |
| Término de materia o nombre geográfico como elemento de entrada |
Biblia. |
| -- |
A.T. |
| Subdivisión general |
Crítica, interpretación, etc. |
| 700 1# - ENTRADA AGREGADA--NOMBRE PERSONAL |
| Nombre de persona |
Klingbeil, Gerald A., |
| Término indicativo de función/relación |
editor. |
| 910 ## - DATOS DE OPCIÓN DEL USUARIO (OCLC) |
| Datos de opción del usuario |
jck |
| -- |
ncf |
| -- |
ncf |
| -- |
20160812 |
| 942 ## - ELEMENTOS DE ENTRADA SECUNDARIOS (KOHA) |
| Fuente del sistema de clasificación o colocación |
Clasificación Decimal Dewey |
| Tipo de ítem Koha |
|
| 994 ## - |
| -- |
C0 |
| -- |
PEPRU |
| 949 ## - PROCESAMIENTO DE INFORMACIÓN LOCAL (OCLC) |
| a |
222.1106 G3 |
| w |
DEWEY |
| c |
1 |
| i |
74340 |
| d |
2018-5-20 |
| f |
2018-2-8 |
| g |
3 |
| l |
CCODEBUL1 |
| m |
BUL |
| p |
23.49 |
| q |
1 |
| r |
0 |
| s |
Y |
| t |
BOOK |
| u |
2016-8-12 |
| x |
TEOLOGIA |
| -- |
P35 |
| 0 |
COMPRA |
| o |
.STAFF. Colección General |
| 949 ## - PROCESAMIENTO DE INFORMACIÓN LOCAL (OCLC) |
| a |
222.1106 G3 |
| w |
DEWEY |
| c |
2 |
| i |
74341 |
| d |
2018-4-1 |
| e |
2016-10-11 |
| f |
2018-2-8 |
| g |
3 |
| l |
CCODEBUL1 |
| m |
BUL |
| n |
2 |
| p |
23.49 |
| q |
3 |
| r |
0 |
| s |
Y |
| t |
BOOK |
| u |
2016-8-12 |
| x |
TEOLOGIA |
| -- |
P35 |
| 0 |
COMPRA |
| o |
.STAFF. Colección Teología |
| 949 ## - PROCESAMIENTO DE INFORMACIÓN LOCAL (OCLC) |
| a |
222.1106 K62 2015 |
| w |
ATDEWEY |
| c |
1 |
| i |
FT00125 |
| l |
CCODEBUT1 |
| m |
BUT |
| p |
{Dolar}25.00 |
| r |
0 |
| s |
Y |
| t |
BOOK |
| u |
2018-5-28 |
| x |
BIBLIOTECA |
| z |
UNKNOWN |
| 0 |
COMPRA |
| o |
.STAFF. Coleccion general Tarapoto |
| 949 ## - PROCESAMIENTO DE INFORMACIÓN LOCAL (OCLC) |
| a |
222.1106 K62 2015 |
| w |
ATDEWEY |
| c |
2 |
| i |
FT03543 |
| l |
CCODEBUT1 |
| m |
BUT |
| p |
{Dolar}25.00 |
| r |
0 |
| s |
Y |
| t |
BOOK |
| u |
2018-5-28 |
| x |
BIBLIOTECA |
| z |
UNKNOWN |
| 0 |
COMPRA |
| o |
.STAFF. Coleccion general Tarapoto |
| 949 ## - PROCESAMIENTO DE INFORMACIÓN LOCAL (OCLC) |
| a |
BS651 .G45 2015 |
| w |
DEWEY |
| c |
1 |
| i |
CW00172 |
| l |
CIAE7 |
| m |
BWL |
| r |
0 |
| s |
Y |
| t |
BOOK |
| u |
2017-2-16 |
| x |
WHITE |
| z |
UNKNOWN |
| 0 |
COMPRA |
| o |
.STAFF. Centro White |
| 999 ## - NÚMEROS DE CONTROL DE SISTEMA (KOHA) |
| -- |
DEWEY |
| -- |
74340 |
| -- |
2021-11-9 |
| -- |
6 |
| -- |
CCODEBUL1 |
| -- |
BUL |
| -- |
23.49 |
| -- |
1 |
| -- |
0 |
| -- |
Y |
| -- |
BOOK |
| -- |
2016-8-12 |
| -- |
TEOLOGIA |
| -- |
P35 |
| -- |
COMPRA |
| -- |
.STAFF. Colección General |
| 999 ## - NÚMEROS DE CONTROL DE SISTEMA (KOHA) |
| -- |
DEWEY |
| -- |
74341 |
| -- |
2016-10-11 |
| -- |
2021-11-9 |
| -- |
6 |
| -- |
CCODEBUL1 |
| -- |
BUL |
| -- |
2 |
| -- |
23.49 |
| -- |
3 |
| -- |
0 |
| -- |
Y |
| -- |
BOOK |
| -- |
2016-8-12 |
| -- |
TEOLOGIA |
| -- |
P35 |
| -- |
COMPRA |
| -- |
.STAFF. Colección Teología |
| 999 ## - NÚMEROS DE CONTROL DE SISTEMA (KOHA) |
| -- |
DEWEY |
| -- |
CW00172 |
| -- |
2021-12-22 |
| -- |
2 |
| -- |
CCODECWL1 |
| -- |
BWL |
| -- |
0 |
| -- |
Y |
| -- |
BOOK |
| -- |
2017-2-16 |
| -- |
WHITE |
| -- |
UNKNOWN |
| -- |
COMPRA |
| -- |
.STAFF. Centro White |
| 999 ## - NÚMEROS DE CONTROL DE SISTEMA (KOHA) |
| -- |
ATDEWEY |
| -- |
FT00125 |
| -- |
2019-2-20 |
| -- |
1 |
| -- |
CCODEBUT1 |
| -- |
BUT |
| -- |
25.00 |
| -- |
0 |
| -- |
Y |
| -- |
BOOK |
| -- |
2018-5-28 |
| -- |
BIBLIOTECA |
| -- |
UNKNOWN |
| -- |
COMPRA |
| -- |
.STAFF. Coleccion general |
| 999 ## - NÚMEROS DE CONTROL DE SISTEMA (KOHA) |
| -- |
ATDEWEY |
| -- |
FT03543 |
| -- |
2019-2-20 |
| -- |
1 |
| -- |
CCODEBUT1 |
| -- |
BUT |
| -- |
25.00 |
| -- |
0 |
| -- |
Y |
| -- |
BOOK |
| -- |
2018-6-5 |
| -- |
BIBLIOTECA |
| -- |
UNKNOWN |
| -- |
COMPRA |
| -- |
.STAFF. Colección general |
| 980 ## - EQUIVALENCIA O REFERENCIA-CRUZADA-MENCIÓN DE SERIE--NOMBRE DE PERSONA/TÍTULO [LOCAL, CANADÁ] |
| ID del último usuario que modificó el registro |
1 |
| Nombre del último usuario que modificó el registro |
ALBERTO SANCHEZ Responsable de Automatización |